| 000 | 00641nam a22001817a 4500 | ||
|---|---|---|---|
| 003 | BD-DhUL | ||
| 005 | 20180215140306.0 | ||
| 008 | 180215s1920 ii ||||| |||| 00| 0 ben d | ||
| 040 |
_aBD-DhUL _cBD-DhUL |
||
| 082 |
_a891.447 _bFAS |
||
| 100 | 1 | _aচৌধুরী, ফজলুল রহীম | |
| 245 | 0 | 0 |
_aসোহরাব-রুস্তাম / _cফজলুল রহীম চৌধুরী |
| 260 |
_aকলিকাতা : _bমোবারক আলী, _c১৯২০। |
||
| 300 |
_a৮৯ পৃ. ; _c১৬ সেমি. |
||
| 650 | 4 | _aবাংলা কবিতা | |
| 650 | 4 | _aBengali poetry | |
| 942 |
_2ddc _cBK |
||
| 999 |
_c238114 _d238114 |
||